00434nam a22001457a 450000500170000000800410001702000180005804100080007608200240008410000210010824500690012926000530019830000090025150000280026020250402130848.0250402b |||||||| |||| 00| 0 eng d a9788196123697 aeng a001.954bVID B22473 aVidyabhusana S C aHistory of Indian Logic:bAncient, Mediaeval, and Modern schools aDelhi bMotilal Banarsidass International c2023 a648p aIndian Knowledge System